|
|
|
|
| LEADER |
01370nam a2200385 a 4500 |
| 001 |
001456252 |
| 003 |
CZ BrMZK |
| 005 |
20150323130955.0 |
| 007 |
ta |
| 008 |
150216s2014 pl ab f 000 0 eng |
| 020 |
|
|
|a 978-83-86869-38-1
|q (brož.)
|
| 040 |
|
|
|a BOA001
|b cze
|
| 041 |
1 |
|
|a eng
|h cze
|
| 072 |
|
7 |
|a 316.7
|x Sociologie kultury. Kulturní život
|2 Konspekt
|9 1
|
| 080 |
|
|
|a 316.772.4
|2 MRF
|
| 080 |
|
|
|a 316.72/.73
|2 MRF
|
| 080 |
|
|
|a 316.72/.75
|2 MRF
|
| 080 |
|
|
|a 316.75
|2 MRF
|
| 080 |
|
|
|a (048.8)
|2 MRF
|
| 100 |
1 |
|
|a Sokolíčková, Zdenka,
|d 1983-
|7 jo2013750333
|4 aut
|
| 245 |
1 |
0 |
|a Challenges for transcultural communicaton /
|c Zdenka Sokolíčková ; [translation Andrew Barton]
|
| 260 |
|
|
|a Lublin :
|b EL-Press,
|c 2014
|
| 300 |
|
|
|a 85 s. :
|b il., 1 mapa ;
|c 21 cm
|
| 500 |
|
|
|a Přeloženo z češtiny?
|
| 504 |
|
|
|a Obsahuje bibliografii a bibliografické odkazy
|
| 650 |
0 |
7 |
|a interkulturní komunikace
|7 ph121149
|2 czenas
|
| 650 |
0 |
7 |
|a dialog kultur
|7 ph478605
|2 czenas
|
| 650 |
0 |
7 |
|a kulturní diverzita
|7 ph497317
|2 czenas
|
| 650 |
0 |
7 |
|a multikulturalismus
|7 ph123036
|2 czenas
|
| 650 |
0 |
7 |
|a kulturní konflikt
|7 ph114451
|2 czenas
|
| 655 |
|
7 |
|a monografie
|7 fd132842
|2 czenas
|
| 910 |
|
|
|a BOA001
|b 2-1340.492
|
| 990 |
|
|
|a BK
|
| 991 |
|
|
|b 201503
|c NOV
|e n
|
| 996 |
7 |
|
|b 2610623402
|c 2-1340.492
|l MZK
|r Sklad / do 1 hodiny
|n 0
|p dar
|w 001491628
|u 000010
|a 1
|e BOA001
|j MZK50
|s A
|